Truyện cổ tích các dân tộc thiểu số Việt Nam Truyện cổ tích thần kỳ Q.5 Truyện cổ tích các dân tộc thiểu số Việt Nam

Truyện cổ tích thần kỳ các dân tộc thiểu số Việt Nam: Dân tộc Tà Ôi, Tày,Thái

Đã lưu trong:
Sonraí Bibleagrafaíochta
Príomhúdar: Nguyễn Thị Yên
Údair Eile: Trần Thị An (b.s.)
Formáid: Leabhar
Teanga:Vietnamese
Foilsithe: H. Khoa học xã hội 2014
Ábhair:
Clibeanna: Cuir Clib Leis
Gan Chlibeanna, Bí ar an gcéad duine leis an taifead seo a chlibeáil!
Thư viện lưu trữ: Mạng thư viện Đại học Đà Nẵng
LEADER 01797aam a22004338a 4500
001 000020824
003 17271
005 20150401090405.0
008 150327s2014 viesd
020 |d 2000b 
041 0 |a vie 
082 0 4 |2 23  |a 398.20899592  |b NG-Y 
100 1 |a Nguyễn Thị Yên 
245 1 0 |a Truyện cổ tích các dân tộc thiểu số Việt Nam  |b Truyện cổ tích thần kỳ  |c B.s.: Nguyễn Thị Yên (ch.b.), Trần Thị An  |n Q.5  |p Truyện cổ tích các dân tộc thiểu số Việt Nam 
260 |a H.  |b Khoa học xã hội  |c 2014 
300 |a 382 tr.  |c 21 cm. 
500 |a ĐTTS ghi: Hội Văn nghệ dân gian Việt Nam 
504 |a Thư mục tr.381-382 
520 3 |a Truyện cổ tích thần kỳ các dân tộc thiểu số Việt Nam: Dân tộc Tà Ôi, Tày,Thái 
650 0 4 |2 Bộ TK TVQG  |a Truyện cổ tích  |x Dân tộc thiểu số  |z Việt Nam 
650 7 |2 Bộ TK TVQG 
651 7 |2 Bộ TK TVQG  |a Việt Nam 
653 |a Văn học dân gian 
653 |a Truyện cổ tích 
653 |a Truyện thần kỳ 
653 |a Dân tộc thiểu số 
655 7 |2 Bộ TK TVQG  |a Truyện cổ tích 
700 1 |a Trần Thị An  |e b.s. 
773 |d Khoa học xã hội  |d H.  |d 2014  |t Truyện cổ tích các dân tộc thiểu số Việt Nam  |w 17266 
OWN |a LSP 
AVA |a UDN50  |b LSP  |d 398.20899592 NG-Y  |e available  |t Error 5001 Not defined in file expand_doc_bib_avail.  |f 1  |g 0  |h N  |i 0  |k 1 
999 |a From the UDN01 
AVA |a UDN50  |b LSP  |d 398.20899592 NG-Y  |e available  |t Error 5001 Not defined in file expand_doc_bib_avail.  |f 1  |g 0  |h N  |i 0  |k 1 
TYP |a Monograph 
TYP |a Printed language 
980 |a Mạng thư viện Đại học Đà Nẵng